Văn học cách mạng Việt Nam 1945-1975 trong chương trình ngữ văn THCS - nhìn từ thể loại /
Đã lưu trong:
| Príomhúdar: | |
|---|---|
| Formáid: | Bài viết |
| Teanga: | Vietnamese |
| Ábhair: | |
| Clibeanna: |
Cuir Clib Leis
Gan Chlibeanna, Bí ar an gcéad duine leis an taifead seo a chlibeáil!
|
| Thư viện lưu trữ: | Thư viện Trường Đại học Đà Lạt |
|---|
| LEADER | 00879nam a2200289 4500 | ||
|---|---|---|---|
| 001 | DLU080062416 | ||
| 005 | ##20080407 | ||
| 040 | # | # | |a DLU |b vie |
| 041 | # | # | |a vie |
| 044 | # | # | |a vn |
| 100 | # | # | |a Nguyễn Hải Phong. |
| 245 | # | # | |a Văn học cách mạng Việt Nam 1945-1975 trong chương trình ngữ văn THCS - nhìn từ thể loại / |c Nguyễn Hải Phong. |
| 653 | # | # | |a Ngữ văn |
| 653 | # | # | |a Thể loại văn học |
| 653 | # | # | |a Trung học cơ sở |
| 653 | # | # | |a Văn học cách mạng |
| 773 | # | # | |t Dạy và học ngày nay |g Số 1, 2008, tr. 47-49 |
| 920 | # | # | |a Phòng Tạp chí -- Trung tâm Thông tin - Thư viện Trường Đại học Đà Lạt |
| 933 | # | # | |a NV |
| 994 | # | # | |a DLU |
| 900 | # | # | |a True |
| 911 | # | # | |a Nguyễn Thị Minh Cầm |
| 925 | # | # | |a G |
| 926 | # | # | |a A |
| 927 | # | # | |a BB |
| 980 | # | # | |a Thư viện Trường Đại học Đà Lạt |